NLSUI OPAC header image

International law and human rights (Record no. 9501)

MARC details
000 -LEADER
fixed length control field 00411nam a2200157Ia 4500
008 - FIXED-LENGTH DATA ELEMENTS--GENERAL INFORMATION
fixed length control field 160316s1973 xxu||||| |||| 00| 0 eng d
082 ## - DEWEY DECIMAL CLASSIFICATION NUMBER
Classification number 341.481000
Item number LAU
100 ## - MAIN ENTRY--PERSONAL NAME
Personal name Lauterpacht Hersch
245 ## - TITLE STATEMENT
Title International law and human rights
250 ## - EDITION STATEMENT
Edition statement
260 ## - PUBLICATION, DISTRIBUTION, ETC.
Place of publication, distribution, etc. New york
Name of publisher, distributor, etc. Garland Publishing Inc.
Date of publication, distribution, etc. 1973
300 ## - PHYSICAL DESCRIPTION
Extent 475
Other physical details
Dimensions
365 ## - TRADE PRICE
Price amount
650 ## - SUBJECT ADDED ENTRY--TOPICAL TERM
Topical term or geographic name entry element 1.International Law - Human Rights
700 ## - ADDED ENTRY--PERSONAL NAME
Personal name
--
Holdings
Withdrawn status Lost status Damaged status Not for loan Home library Current library Shelving location Date acquired Cost, normal purchase price Total Checkouts Full call number Barcode Date last seen Price effective from Koha item type
        . . Library Compactors 30.05.2017 261.00   341.481 LAU 9775 30.05.2017 30.05.2017 BOOKs